000 00571nam a2200181Ia 4500
008 151202s9999||||xx |||||||||||||| ||und||
082 _bPNVM-45619
100 _aतुस्कानो जोसेफ.
245 _aकाळे सोने.
260 _b"अनघा प्रकाशन,ठाणे."
260 _c2004
300 _a103
600 _aतुस्कानो जोसेफ.
630 _aकाळे सोने.
700 _aतुस्कानो जोसेफ.
730 _aकाळे सोने.
942 _cBOOK
999 _c1311570
_d1311567